| 000 | 00779nam a2200217 a 4500 | ||
|---|---|---|---|
| 008 | 951121s1987||||[C 0 slo c | ||
| 020 |
_c19 Kčs. _q(18000 výtl.) |
||
| 040 |
_aSNK _bslo _cSNK _eAACR2 |
||
| 041 | 1 |
_aslo _hrus |
|
| 044 |
_axo _cSK |
||
| 080 | _a141.82(081) | ||
| 100 | 1 |
_aLenin, Vladimir Iľjič _4aut |
|
| 245 | 1 | 0 |
_aZobrané spisy. /Zv./ 36 _bMarec-júl 1918 _cVladimir Iľjič Lenin ; Samuel Dúbrava, Oto Takáč |
| 250 | _a2., vyd. | ||
| 260 |
_aBratislava _bPravda _c1987 _eBratislava _fPravda |
||
| 300 |
_a879 s., 37,10 AH _c21 cm |
||
| 500 | _aLit. 202. Pozn. Zozn. Reg. men. a lit. prác a prameňov. Životopis. údaje. Faksim. rkp. 202 zázn. v slov., češ. a ruš. | ||
| 700 | 1 |
_aDúbrava, Samuel _4trl |
|
| 700 | 1 |
_aTakáč, Oto _4bkd |
|
| 958 | _aA | ||
| 999 |
_c15452 _d15452 |
||